000 00439nam a22001577a 4500
003 macl
005 20241018135157.0
008 241018b |||||||| |||| 00| 0 eng d
040 _cmacl
050 _a327
082 _a330
100 _aArihant Publication
_936291
245 _aPulse IAS Mains Handwritten Notes [Economic Development AND SCIENCE $ technology]
260 _aNew Dehli
_bArihant Publication
_c2024
942 _2ddc
_cC. BOOKS
999 _c67027
_d67027